000
00276nam a2200097Ia 4500
008
151021s9999 xx 000 0 und d
050
_a
LC 3988 .K4K57
260
_a
Nairobi Kenya Istitute of Special Education 2002
300
_a
ix,97p;ill;
980
_a
^d20110421 04:27:42^okorir
999
_c
7130
_d
7130